平成の大合併によって海に面するようになった市 - Statistics

General Stats
  • This quiz has been taken 241 times
  • The average score is 8 of 10
Answer Stats
都道府県 海に面していた町村 市名 % Correct
北海道 常呂町 北見市
92%
新潟県 寺泊町・和島村 長岡市
89%
青森県 市浦村 五所川原市
88%
広島県 安芸津町 東広島市
84%
静岡県 大須賀町・大東町 掛川市
83%
新潟県 紫雲寺町 新発田市
80%
愛知県 御津町 豊川市
78%
愛媛県 長浜町 大洲市
77%
静岡県 浅羽町 袋井市
75%
福岡県 玄海町 宗像市
73%
No matching quizzes found
Score Distribution
Percent of People with Each Score
Percentile by Number Answered
Your Score History
You have not taken this quiz